000
00246 a2200109 4500
001
68545
040
_c
Anchieta - Itaigara
240
1
0
_a
A família sol, lá, si
_l
245
1
0
_a
A família sol, lá, si
650
4
_a
Literatura infantil
942
_c
MU
999
_c
68545
_d
68545